| 000 | 00853cam a22002655a 4500 | ||
|---|---|---|---|
| 001 | 17949849 | ||
| 005 | 20150526155445.0 | ||
| 008 | 131121t2015 fluadk frb 001 0 eng d | ||
| 020 | _a9781439812440 (hardback) | ||
| 040 |
_aDLC _beng _cDLC _dDLC _dEG-ScBUE |
||
| 082 | 0 | 0 |
_a681.2 _222 _bDUW |
| 100 | 1 |
_aDu, Winncy Y. _938092 |
|
| 245 | 1 | 0 |
_aResistive, capacitive, inductive, and magnetic sensor technologies / _cWinncy Y. Du. |
| 260 |
_aBoca Raton : _bCRC Press / Taylor & Francis Group, _cc.2015. |
||
| 300 |
_axxi, 386 p. : _bcharts, forms, tables ; _c24 cm. |
||
| 490 | 0 | _aSeries in sensors | |
| 500 | _aIndex : p. 375-386. | ||
| 504 | _aIncludes bibliographical references. | ||
| 650 | 0 |
_aDetectors. _2BUEsh |
|
| 650 | 0 |
_aTransducers. _2BUEsh |
|
| 651 | _2BUEsh | ||
| 653 |
_bENGGEN _cMay2015 |
||
| 655 |
_vreading book _934232 |
||
| 942 | _2ddc | ||
| 999 |
_c19455 _d19427 |
||